Sprievodca štúdiom na Podnikovohospodárskej fakulte Ekonomickej univerzity v Bratislave so sídlom v Košiciach akademický rok 2020/2021

Saved in:
Bibliographic Details
Corporate Author: Ekonomická univerzita v Bratislave. Podnikovohospodárska fakulta so sídlom v Košiciach
Other Authors: Szaryszová, Petra, 1984-, Čajkovičová, Jana, 1964-
Format: Book
Language:Slovak
Published: Bratislava Vydavateľstvo EKONÓM 2020
Edition:1. vydanie
Subjects:
Tags: Add Tag
No Tags, Be the first to tag this record!

MARC

LEADER 00000nam$a2200000$$$4500
001 0270439
005 20240306142105.3
020 |a 978-80-225-4735-2 
041 0 |a slo 
044 |a SK 
245 1 0 |a Sprievodca štúdiom na Podnikovohospodárskej fakulte Ekonomickej univerzity v Bratislave so sídlom v Košiciach  |b akademický rok 2020/2021  |c zostavili: Petra Szaryszová, Jana Čajkovičová 
250 |a 1. vydanie 
264 1 |a Bratislava  |b Vydavateľstvo EKONÓM  |c 2020 
300 |a 132 s. 
610 2 0 |a univerzity 
610 2 0 |a vzdelávanie vysokoškolské 
610 2 0 |a programy študijné 
610 2 0 |a plán učebný 
610 2 0 |a štruktúra organizačná 
700 1 |a Szaryszová, Petra, 1984- 
700 1 |a Čajkovičová, Jana, 1964- 
710 2 |a Ekonomická univerzita v Bratislave. Podnikovohospodárska fakulta so sídlom v Košiciach